000 00745nam a2200241 i 4500
001 C2-0307925
003 PPAK
005 20180728094710.0
008 110403s1983 my |||| ||||| | eng d
040 _aPPAK
_beng
_cPPAK
_erda
082 0 4 _a624
_223
090 0 0 _a624
_bMAL
_dKK
110 2 _aMalaysia. Jabatan Kerja Raya
245 0 0 _aProposal for detailed design and construction super vision for the Ahning Dam
264 1 _aKuala Lumpur :
_bJurutera Konsultant (S.E.A) Sdn. Bhd. ,
_c1983
300 _aii.[n.p] ;
_c30 cm
336 _2rdacontent
_atext
337 _2rdamedia
_aunmediated
338 _2rdacarrier
_avolume
650 1 0 _aConstruction industry
710 2 _aMalaysia. Jabatan Kerja Raya
_eorganizer
942 _ddc
_cB
999 _c110609
_d110609